000 01149cam a2200265Mi 4500
001 410103
005 20181214154310.0
006 m d
007 cr |||||||||||
008 160919s1869 xx o 000 0 eng d
035 _a(OCoLC)ocn958735462
040 _aZ5A
_beng
_cZ5A
035 _a(OCoLC)958735462
099 _aON-LINE RESOURCE
049 _aOKYC
245 0 0 _aRevelation of Law in Scripture: Considered with Respect Both to its Own Nature, and to its Relative Place in Successive Dispensations
_h[electronic resource] .
264 1 _bUnspecified
_c1869
300 _a1 online resource.
500 _aElectronic resource type: Book.
590 _aHein Online
_a180511
700 1 _aFairbairn,
_eauthor.
856 4 0 _uhttps://lawproxy.okcu.edu:8443/login?url=https://heinonline.org/HOL/Page?handle=hein.cow/revlsc0001&collection=cow
_zHeinOnline World Constitutions Illustrated: Click here for online access
856 4 0 _uhttps://lawproxy.okcu.edu:8443/login?url=https://heinonline.org/HOL/Page?handle=hein.cow/revlsc0001&collection=beal
_zHeinOnline Legal Classics: Click here for online access
994 _a92
_bOKY
999 _c44985
_d44985